Statistiques concernant Les clubs hors top 5 européen qui ont éliminé des clubs Français.

Cliquez ici pour prendre le quiz!

Statistiques générales

  • Ce quiz a été pris 74 fois
  • Le résultat moyen est 8 sur 20

Statistiques - réponses

Clubs
Français
Clubs
Hors
Top 5
CompétitionsNiveaux de
Compétitions
Années% Correct
MarseillePanathinaikosLigue des Champions3eme tour de
qualification
2023
83%
LyonAjaxLigue EuropaDemi Finale2017
80%
LilleAjaxLigue Europa16eme de Finale2021
80%
MonacoPSVLigue des Champions3eme tour de
qualification
2022
71%
LillePortoLigue des ChampionsBarrages2014
66%
MarseilleFeyenoordLigue ConferenceDemi Finale2022
64%
Saint-EtienneBaleLigue Europa16eme de Finale2016
60%
NiceFC BaleLigue ConferenceQuarts de Finale2023
60%
MonacoSC BragaLigue Europa8eme de Finale2022
47%
GuingampDynamo KievLigue Europa16eme de Finale2015
41%
LyonApoel NicosieLigue des Champions8eme de Finale2012
40%
RennesShakhtar DonetskLigue Europa16eme de Finale2023
34%
MonacoShakhtar DonetskLigue des ChampionsBarrages2021
34%
NiceApollon LimassolLigue EuropaBarrages2013
21%
NiceLokomotiv MoscouLigue Europa16eme de Finale2018
20%
ReimsFehervarLigue Europa3eme tour de
qualification
2020
13%
BordeauxVideotonLigue Europa3eme tour de
qualification
2017
13%
LyonAstra GiurgiuLigue EuropaBarrages2014
10%
Saint-EtienneEsbjergLigue EuropaBarrages2013
4%
LilleQabalaLigue Europa3eme tour de
qualification
2016
3%

Distribution des résultats

Percentile par nombre de réponses

% des personnes avec chaque résultat

Votre développement - résultats

Vous n’avez pas pris ce quiz